[Event "World op 44th"]
[Site "Philadelphia"]
[Date "2016.07.02"]
[Round "5"]
[White "Atoufi, Pedram"]
[Black "Melashvili, Nino"]
[Result "1-0"]
[WhiteElo "2272"]
[BlackElo "2140"]
[PlyCount "61"]
[EventDate "2016.06.30"]
[EventType "swiss"]
[EventRounds "9"]
[EventCountry "USA"]
[SourceTitle "CBM 173 Extra"]
[Source "ChessBase"]
[SourceDate "2016.08.29"]
[SourceVersion "1"]
[SourceVersionDate "2016.08.29"]
[SourceQuality "1"]

1. e4 d5 2. exd5 Nf6 3. d4 Nxd5 4. c4 Nb6 5. Nc3 Nc6 6. d5 Nb4 7. a3 Na6 8. Bg5 Qd6 9. Nf3 Bg4 10. Be2 Bxf3 11. Bxf3 Nc5 12. Qe2 Qg6 13. Be3 Nd3+ 14. Kf1 Ne5 15. Be4 f5 16. Bxb6 axb6 17. Bc2 Qf6 18. Ba4+ Nd7 19. h4 0-0-0 20. Re1 Nc5 21. Bc2 g6 22. Rh3 Re8 23. b4 Nd7 24. Ba4 Bg7 25. c5 bxc5 26. Bxd7+ Kxd7 27. Qb5+ Kc8 28. Re6 Qd4 29. bxc5 Bf6 30. Rd3 Qxh4 31. c6 1-0

[Event "EU-ch Seniors 50 16th"]
[Site "Yerevan"]
[Date "2016.06.08"]
[Round "4"]
[White "Melashvili, Nino"]
[Black "Kitesashvili, Giorgi"]
[Result "1-0"]
[WhiteElo "2140"]
[BlackElo "1814"]
[PlyCount "59"]
[EventDate "2016.06.05"]
[EventType "swiss"]
[EventRounds "9"]
[EventCountry "ARM"]
[SourceTitle "CBM 172 Extra"]
[Source "ChessBase"]
[SourceDate "2016.06.21"]
[SourceVersion "1"]
[SourceVersionDate "2016.06.21"]
[SourceQuality "1"]

1. Nf3 f5 2. d4 Nf6 3. c4 e6 4. Nc3 Bb4 5. Bg5 Bxc3+ 6. bxc3 d6 7. e4 fxe4 8. Nd2 d5 9. Be2 0-0 10. 0-0 Nbd7 11. f3 e3 12. Bxe3 Qe8 13. Bd3 e5 14. cxd5 Nxd5 15. Qb3 c6 16. Rfe1 Kh8 17. dxe5 Qxe5 18. Bd4 Qh5 19. Ne4 N7b6 20. Ng3 Qf7 21. Re5 Bd7 22. Rh5 Nf6 23. Bxf6 gxf6 24. Rxh7+ Qxh7 25. Bxh7 Kxh7 26. Rd1 Rae8 27. Qb4 Rf7 28. Qh4+ Kg8 29. Nh5 Nd5 30. c4 1-0

[Event "Wch Seniors 50 (Women) 25th"]
[Site "Acqui Terme"]
[Date "2015.11.12"]
[Round "3"]
[White "Kasoshvili, Tsiala"]
[Black "Melashvili, Nino"]
[Result "1/2-1/2"]
[WhiteElo "2174"]
[BlackElo "2125"]
[PlyCount "36"]
[EventDate "2015.11.10"]
[EventType "swiss"]
[EventRounds "11"]
[EventCountry "ITA"]
[SourceTitle "CBM 169 Extra"]
[Source "ChessBase"]
[SourceDate "2015.12.18"]
[SourceVersion "1"]
[SourceVersionDate "2015.12.18"]
[SourceQuality "1"]

1. c4 Nf6 2. Nc3 e6 3. Nf3 Bb4 4. e3 0-0 5. Be2 d5 6. 0-0 c6 7. Qc2 Nbd7 8. d4 Qe7 9. Bd2 Bd6 10. e4 dxe4 11. Nxe4 Nxe4 12. Qxe4 f5 13. Qc2 e5 14. Bg5 Qe8 15. dxe5 Nxe5 16. c5 Bc7 17. Rfe1 Nxf3+ 18. Bxf3 Qg6 1/2-1/2

[Event "EU-ch rapid (Women)"]
[Site "Kutaisi"]
[Date "2015.06.03"]
[Round "10"]
[White "Melashvili, Nino"]
[Black "Donghvani, Nia"]
[Result "1/2-1/2"]
[WhiteElo "2173"]
[BlackElo "1444"]
[PlyCount "29"]
[EventDate "2015.06.01"]
[EventType "swiss (rapid)"]
[EventRounds "11"]
[EventCountry "GEO"]
[SourceTitle "CBM 166 Extra"]
[Source "ChessBase"]
[SourceDate "2015.06.18"]
[SourceVersion "1"]
[SourceVersionDate "2015.06.18"]
[SourceQuality "1"]

1. Nf3 Nc6 2. d4 d5 3. Bf4 Nf6 4. e3 Bg4 5. Be2 e6 6. 0-0 Bd6 7. Ne5 Bxe2 8. Qxe2 0-0 9. Nd2 Bxe5 10. dxe5 Nd7 11. Nf3 Nb6 12. Rad1 Qe7 13. e4 dxe4 14. Qxe4 h6 15. c4 1/2-1/2

[Event "EU-ch rapid (Women)"]
[Site "Kutaisi"]
[Date "2015.06.03"]
[Round "9"]
[White "Tereladze, Sopiko"]
[Black "Melashvili, Nino"]
[Result "1-0"]
[WhiteElo "2128"]
[BlackElo "2173"]
[PlyCount "126"]
[EventDate "2015.06.01"]
[EventType "swiss (rapid)"]
[EventRounds "11"]
[EventCountry "GEO"]
[SourceTitle "CBM 166 Extra"]
[Source "ChessBase"]
[SourceDate "2015.06.18"]
[SourceVersion "1"]
[SourceVersionDate "2015.06.18"]
[SourceQuality "1"]

1. Nf3 d5 2. e3 Nc6 3. d4 Bg4 4. h3 Bh5 5. g4 Bg6 6. Bb5 Qd6 7. Nbd2 0-0-0 8. c3 f6 9. Qa4 a6 10. Bxc6 Qxc6 11. Qxc6 bxc6 12. Ke2 h5 13. g5 h4 14. Rg1 Bf5 15. Rh1 Rh5 16. gxf6 exf6 17. b3 g5 18. Ke1 Bd3 19. Bb2 Ne7 20. c4 Ng6 21. c5 Re8 22. Kd1 f5 23. Nh2 Bg7 24. Ndf1 Be4 25. f3 Bd3 26. Kd2 Bb5 27. a4 Bxf1 28. Raxf1 f4 29. Ng4 fxe3+ 30. Nxe3 Nf4 31. Rf2 Rh7 32. Ng2 Ne6 33. Re1 Bf6 34. Rfe2 Rhe7 35. Kd3 Nxc5+ 36. dxc5 Rxe2 37. Rxe2 Rxe2 38. Kxe2 Bxb2 39. f4 g4 40. Nxh4 gxh3 41. Kf2 d4 42. Nf3 Ba3 43. Kg3 Bxc5 44. Ne5 Bd6 45. Nd3 h2 46. Kxh2 Kd7 47. Kg3 Ke6 48. Kg4 Kd5 49. Kf3 c5 50. Nb2 Be7 51. Nc4 Bf6 52. Nb2 Bg7 53. Nc4 Bh6 54. Nb2 c6 55. Nc4 Bg7 56. Nb6+ Ke6 57. Ke4 Bh6 58. Nc4 Kf6 59. Ne5 Ke6 60. f5+ Kd6 61. Nf7+ Ke7 62. Nxh6 c4 63. bxc4 c5 1-0

[Event "Wch Seniors (Women) 24th"]
[Site "Katerini"]
[Date "2014.10.29"]
[Round "6"]
[White "Melashvili, Nino"]
[Black "Mednikova, Svetlana"]
[Result "1-0"]
[WhiteElo "2135"]
[BlackElo "2154"]
[PlyCount "57"]
[EventDate "2014.10.24"]
[EventType "swiss"]
[EventRounds "11"]
[EventCountry "GRE"]
[SourceTitle "EXT 2015"]
[Source "ChessBase"]
[SourceDate "2014.11.20"]
[SourceVersion "1"]
[SourceVersionDate "2014.11.20"]
[SourceQuality "1"]

1. Nf3 Nf6 2. d4 d5 3. Bf4 e6 4. e3 c5 5. c3 Nc6 6. Bd3 Be7 7. h3 0-0 8. Nbd2 Nh5 9. Bh2 f5 10. g4 Nf6 11. gxf5 exf5 12. dxc5 Ne4 13. Nb3 a5 14. a4 Kh8 15. Qc2 Nxc5 16. Nxc5 Bxc5 17. 0-0-0 Bd6 18. h4 Bxh2 19. Rxh2 Be6 20. h5 Nb4 21. Qb3 Nxd3+ 22. Rxd3 Qc7 23. h6 g6 24. Rh1 Ra6 25. Ng5 Rd8 26. Nxe6 Rxe6 27. Rxd5 Rxd5 28. Qxd5 Qc6 29. Qd4+ 1-0

[Event "Wch Seniors (Women) 24th"]
[Site "Katerini"]
[Date "2014.10.28"]
[Round "5"]
[White "Melashvili, Nino"]
[Black "Strutinskaya, Galina N"]
[Result "1-0"]
[WhiteElo "2135"]
[BlackElo "2287"]
[PlyCount "73"]
[EventDate "2014.10.24"]
[EventType "swiss"]
[EventRounds "11"]
[EventCountry "GRE"]
[SourceTitle "EXT 2015"]
[Source "ChessBase"]
[SourceDate "2014.11.20"]
[SourceVersion "1"]
[SourceVersionDate "2014.11.20"]
[SourceQuality "1"]

1. Nf3 e6 2. d4 Nf6 3. Bf4 c5 4. e3 b6 5. Bd3 Bb7 6. Nbd2 Be7 7. h3 d6 8. c3 Nbd7 9. Qe2 a6 10. e4 b5 11. 0-0 0-0 12. e5 dxe5 13. dxe5 Nh5 14. Bh2 g6 15. Be4 Rb8 16. Bxb7 Rxb7 17. Ne4 Nb6 18. g4 Ng7 19. Qe3 f5 20. exf6 Bxf6 21. Nxc5 Rbf7 22. Nxe6 Nxe6 23. Qxe6 Re8 24. Qc6 Na4 25. Rae1 Rxe1 26. Rxe1 Qd3 27. Qe8+ Rf8 28. Qe6+ Kg7 29. g5 Qxf3 30. gxf6+ Rxf6 31. Qd7+ Kh6 32. Qd2+ g5 33. Re3 Qf5 34. Re5 Qb1+ 35. Kg2 Rg6 36. h4 Kg7 37. hxg5 1-0

[Event "Wch Seniors (Women) 24th"]
[Site "Katerini"]
[Date "2014.10.27"]
[Round "4"]
[White "Fatalibekova, Elena"]
[Black "Melashvili, Nino"]
[Result "1/2-1/2"]
[WhiteElo "2215"]
[BlackElo "2135"]
[PlyCount "35"]
[EventDate "2014.10.24"]
[EventType "swiss"]
[EventRounds "11"]
[EventCountry "GRE"]
[SourceTitle "EXT 2015"]
[Source "ChessBase"]
[SourceDate "2014.11.20"]
[SourceVersion "1"]
[SourceVersionDate "2014.11.20"]
[SourceQuality "1"]

1. e4 d5 2. exd5 Nf6 3. c4 c6 4. d4 cxd5 5. Nc3 Nc6 6. Bg5 dxc4 7. Bxc4 Qa5 8. Bxf6 gxf6 9. d5 Ne5 10. Bb5+ Bd7 11. Bxd7+ Nxd7 12. Nge2 Nb6 13. Qb3 0-0-0 14. Rd1 Rg8 15. 0-0 Kb8 16. Ng3 Qc5 17. Nce4 Qc4 18. d6 1/2-1/2

[Event "WchT Seniors 50"]
[Site "Vilnius"]
[Date "2014.07.17"]
[Round "5.5"]
[White "Majer, Christopher"]
[Black "Melashvili, Nino"]
[Result "0-1"]
[WhiteElo "1982"]
[BlackElo "2127"]
[PlyCount "72"]
[EventDate "2014.07.13"]
[EventType "team-swiss"]
[EventRounds "9"]
[EventCountry "LTU"]
[SourceTitle "CBM 161 Extra"]
[Source "ChessBase"]
[SourceDate "2014.08.29"]
[SourceVersion "1"]
[SourceVersionDate "2014.08.29"]
[SourceQuality "1"]
[WhiteTeam "England II"]
[BlackTeam "Georgia (W)"]
[WhiteTeamCountry "ENG"]
[BlackTeamCountry "GEO"]

1. e4 d5 2. exd5 Nf6 3. d4 Nxd5 4. Nf3 g6 5. Be2 Bg7 6. 0-0 0-0 7. Re1 Qd6 8. Bf1 Bg4 9. c3 Nc6 10. Nbd2 Rad8 11. Ne4 Qd7 12. Nc5 Qc8 13. h3 b6 14. Nd3 Bf5 15. Bg5 h6 16. Bh4 Na5 17. Rc1 g5 18. Bg3 c5 19. Nde5 f6 20. Nd3 c4 21. Nb4 e5 22. Nxd5 Rxd5 23. Re3 b5 24. Qe1 Bg6 25. dxe5 f5 26. Bh2 f4 27. Re2 Nc6 28. Rd1 Bd3 29. Red2 Nxe5 30. Bxd3 Nxd3 31. Qf1 Rfd8 32. Ne1 Nxb2 33. Rxd5 Nxd1 34. Rxb5 Nxc3 35. Rb4 Rd1 36. Rxc4 Qe8 0-1

[Event "WchT Seniors 50"]
[Site "Vilnius"]
[Date "2014.07.16"]
[Round "4.5"]
[White "Melashvili, Nino"]
[Black "Rozlapa, Vija"]
[Result "0-1"]
[WhiteElo "2127"]
[BlackElo "2012"]
[PlyCount "82"]
[EventDate "2014.07.13"]
[EventType "team-swiss"]
[EventRounds "9"]
[EventCountry "LTU"]
[SourceTitle "CBM 161 Extra"]
[Source "ChessBase"]
[SourceDate "2014.08.29"]
[SourceVersion "1"]
[SourceVersionDate "2014.08.29"]
[SourceQuality "1"]
[WhiteTeam "Georgia (W)"]
[BlackTeam "Latvia (W)"]
[WhiteTeamCountry "GEO"]
[BlackTeamCountry "LAT"]

1. Nf3 Nf6 2. d4 e6 3. Bf4 b6 4. e3 Bb7 5. Nbd2 Be7 6. h3 d6 7. Bd3 c5 8. c3 0-0 9. Qe2 d5 10. Ne5 c4 11. Bc2 b5 12. a3 a5 13. g4 b4 14. g5 Ne4 15. Nxe4 dxe4 16. axb4 axb4 17. Rxa8 Bxa8 18. h4 bxc3 19. bxc3 Qa5 20. Kd2 Rc8 21. Rb1 Bd5 22. Nxf7 Nd7 23. Nd6 Rc6 24. Nxe4 Ra6 25. Ng3 e5 26. Nf5 Bf8 27. Bxe5 Nxe5 28. dxe5 Bf7 29. f4 Qd5+ 30. Nd4 Ra2 31. Qf3 Qa5 32. Qe4 g6 33. e6 Be8 34. e7 Bg7 35. Qe6+ Kh8 36. Qxc4 Qa8 37. Ne6 Qg2+ 38. Qe2 Rxc2+ 39. Kxc2 Qxe2+ 40. Kb3 Qb5+ 41. Kc2 Qf5+ 0-1

[Event "WchT Seniors 50"]
[Site "Vilnius"]
[Date "2014.07.15"]
[Round "3.6"]
[White "Henrichsen, Erland"]
[Black "Melashvili, Nino"]
[Result "0-1"]
[WhiteElo "1980"]
[BlackElo "2127"]
[PlyCount "104"]
[EventDate "2014.07.13"]
[EventType "team-swiss"]
[EventRounds "9"]
[EventCountry "LTU"]
[SourceTitle "CBM 161 Extra"]
[Source "ChessBase"]
[SourceDate "2014.08.29"]
[SourceVersion "1"]
[SourceVersionDate "2014.08.29"]
[SourceQuality "1"]
[WhiteTeam "Norway"]
[BlackTeam "Georgia (W)"]
[WhiteTeamCountry "NOR"]
[BlackTeamCountry "GEO"]

1. d4 d5 2. Nf3 Nc6 3. e3 Bg4 4. Nbd2 Qd6 5. Be2 Nf6 6. c4 dxc4 7. Nxc4 Qd5 8. Nce5 Nxe5 9. dxe5 Qxd1+ 10. Bxd1 Nd7 11. h3 Bxf3 12. Bxf3 0-0-0 13. e6 Ne5 14. exf7 Nxf3+ 15. gxf3 e5 16. e4 Rd7 17. Be3 Bb4+ 18. Ke2 Rxf7 19. Rhg1 Rhf8 20. h4 g6 21. h5 Rf6 22. hxg6 hxg6 23. Rg5 Re8 24. Rd1 Rc6 25. Rc1 Rxc1 26. Bxc1 Re6 27. a3 Be7 28. Rg1 Rc6 29. Kd1 Bc5 30. Be3 Bd4 31. Bxd4 exd4 32. Kd2 Rf6 33. Rg3 c5 34. Kd3 Kd7 35. Kc4 Kc6 36. a4 b6 37. e5 Re6 38. f4 a6 39. Kd3 Kd5 40. f3 b5 41. axb5 axb5 42. Rg1 Ra6 43. Re1 c4+ 44. Kd2 b4 45. Re4 b3 46. Ke2 Ra8 47. e6 c3 48. bxc3 dxc3 49. Kd3 c2 50. Re1 Rc8 51. e7 b2 52. e8Q Rxe8 0-1

[Event "WchT Seniors 50"]
[Site "Vilnius"]
[Date "2014.07.14"]
[Round "2.4"]
[White "Melashvili, Nino"]
[Black "Chapman, Terry PD"]
[Result "0-1"]
[WhiteElo "2127"]
[BlackElo "2291"]
[PlyCount "146"]
[EventDate "2014.07.13"]
[EventType "team-swiss"]
[EventRounds "9"]
[EventCountry "LTU"]
[SourceTitle "CBM 161 Extra"]
[Source "ChessBase"]
[SourceDate "2014.08.29"]
[SourceVersion "1"]
[SourceVersionDate "2014.08.29"]
[SourceQuality "1"]
[WhiteTeam "Georgia (W)"]
[BlackTeam "England"]
[WhiteTeamCountry "GEO"]
[BlackTeamCountry "ENG"]

1. Nf3 d6 2. d4 Nd7 3. Bf4 g6 4. Qd2 Bg7 5. Nc3 a6 6. e4 h6 7. h4 e6 8. Rd1 Ne7 9. e5 d5 10. Ne2 c5 11. c3 Nc6 12. g4 Qa5 13. Nc1 cxd4 14. cxd4 Nb6 15. b3 Qxd2+ 16. Bxd2 a5 17. a4 Nd7 18. Bb5 Ndb8 19. Nd3 0-0 20. Nf4 Bd7 21. Rc1 Rc8 22. 0-0 Bf8 23. Nd3 Ba3 24. Rc2 Kg7 25. Ra1 Be7 26. Rac1 Ba3 27. Ra1 Be7 28. h5 Nxe5 29. Rxc8 Nxf3+ 30. Kg2 Bxc8 31. Kxf3 Nc6 32. Bxc6 bxc6 33. Rc1 Rb8 34. Rxc6 Rxb3 35. Ke2 Bb7 36. Rc3 Rxc3 37. Bxc3 gxh5 38. gxh5 Bc6 39. Nc5 Bd8 40. Bd2 Bb6 41. f4 Kf6 42. Kf3 Kf5 43. Be1 Bxc5 44. dxc5 d4+ 45. Ke2 Bxa4 46. Bxa5 Ke4 47. Bc7 Bb5+ 48. Kd2 f6 49. Bd6 Kf5 50. Bf8 Kg4 51. Bxh6 Kxh5 52. Bg7 Kg6 53. Bh8 Kf5 54. Bg7 Kxf4 55. Bxf6 Ke4 56. Bg7 Kd5 57. Bf8 e5 58. Be7 e4 59. Bg5 Kxc5 60. Bh6 Kd5 61. Bf4 Ba6 62. Bh6 Bb5 63. Bf4 Ke6 64. Bh6 Kf5 65. Bg7 e3+ 66. Ke1 Ke4 67. Bf6 Kd3 68. Bg7 Ke4 69. Bf6 d3 70. Bc3 Ba4 71. Ba5 Kd5 72. Bc3 Kc4 73. Ba5 Kb3 0-1

[Event "Wch Seniors (Women)"]
[Site "Opatija"]
[Date "2013.11.18"]
[Round "6"]
[White "Gaprindashvili, Nona"]
[Black "Melashvili, Nino"]
[Result "1-0"]
[WhiteElo "2312"]
[BlackElo "2126"]
[PlyCount "79"]
[EventDate "2013.11.12"]
[EventType "swiss"]
[EventRounds "9"]
[EventCountry "CRO"]
[SourceTitle "CBM 157 Extra"]
[Source "ChessBase"]
[SourceDate "2013.12.19"]
[SourceVersion "1"]
[SourceVersionDate "2013.12.19"]
[SourceQuality "1"]

1. d4 Nf6 2. c4 e6 3. Nf3 Bb4+ 4. Nbd2 b6 5. e3 Bb7 6. Bd3 Be4 7. Bxe4 Nxe4 8. 0-0 Nxd2 9. Nxd2 0-0 10. e4 Be7 11. Nf3 d6 12. b3 Nc6 13. Bb2 d5 14. cxd5 exd5 15. e5 Qd7 16. Ne1 Rac8 17. Nc2 f5 18. f4 Nd8 19. Ne3 Ne6 20. Qf3 c6 21. g4 g5 22. gxf5 Nxf4 23. Kh1 Kh8 24. f6 Bb4 25. Rad1 Rg8 26. a3 Bf8 27. Rg1 Rc7 28. Rg3 Qe6 29. b4 h6 30. Rd2 Rh7 31. Rc2 a6 32. Ng2 Qf5 33. Rxc6 Qb1+ 34. Bc1 Bc5 35. Nxf4 Qxc1+ 36. Rg1 Qxf4 37. Qxf4 gxf4 38. Rxg8+ Kxg8 39. bxc5 bxc5 40. e6 1-0

[Event "Wch Seniors (Women)"]
[Site "Opatija"]
[Date "2013.11.14"]
[Round "3"]
[White "Melashvili, Nino"]
[Black "Lauterbach, Ingrid"]
[Result "1-0"]
[WhiteElo "2126"]
[BlackElo "2132"]
[PlyCount "75"]
[EventDate "2013.11.12"]
[EventType "swiss"]
[EventRounds "9"]
[EventCountry "CRO"]
[SourceTitle "CBM 157 Extra"]
[Source "ChessBase"]
[SourceDate "2013.12.19"]
[SourceVersion "1"]
[SourceVersionDate "2013.12.19"]
[SourceQuality "1"]

1. Nf3 d6 2. d4 g6 3. Nc3 Bg7 4. Bf4 Nd7 5. Qd2 e5 6. dxe5 dxe5 7. Bg3 Ne7 8. Rd1 f6 9. e3 0-0 10. Bc4+ Rf7 11. Ne4 Qe8 12. Nfg5 fxg5 13. Nxg5 Qf8 14. Ne6 Nb6 15. Nxf8 Nxc4 16. Qb4 Nd6 17. Nxh7 Kxh7 18. Qc5 Nc6 19. 0-0 Be6 20. f3 a6 21. b3 Nb5 22. e4 Ncd4 23. Rf2 a5 24. Rxd4 Nxd4 25. Bxe5 Nc6 26. Bxg7 Kxg7 27. f4 Rd8 28. h3 Rd4 29. Qc3 Kh7 30. Qe3 a4 31. g4 axb3 32. axb3 Re7 33. Kh2 Bd5 34. f5 Rexe4 35. Qg5 Bf7 36. Qh4+ Kg8 37. Qh6 g5 38. f6 1-0

[Event "Wch Seniors (Women)"]
[Site "Opatija"]
[Date "2013.11.12"]
[Round "1"]
[White "Melashvili, Nino"]
[Black "Korneeva, Tamara"]
[Result "1-0"]
[WhiteElo "2126"]
[BlackElo "1757"]
[PlyCount "99"]
[EventDate "2013.11.12"]
[EventType "swiss"]
[EventRounds "9"]
[EventCountry "CRO"]
[SourceTitle "CBM 157 Extra"]
[Source "ChessBase"]
[SourceDate "2013.12.19"]
[SourceVersion "1"]
[SourceVersionDate "2013.12.19"]
[SourceQuality "1"]

1. Nf3 e6 2. d4 Be7 3. Bf4 d6 4. e4 a6 5. Bd3 b5 6. 0-0 Bb7 7. a4 c6 8. Nbd2 Nd7 9. Qe2 g5 10. Be3 h6 11. c4 b4 12. e5 g4 13. exd6 gxf3 14. dxe7 fxe2 15. exd8Q+ Rxd8 16. Bxe2 a5 17. Ne4 Ndf6 18. Nc5 Bc8 19. Nb3 Ne7 20. Nxa5 Ne4 21. Bf3 f5 22. Bh5+ Kd7 23. Bf4 Nf6 24. Bf3 Ba6 25. Rfe1 Ne4 26. Rac1 Ng6 27. Bxe4 Nxf4 28. Nb3 fxe4 29. Nc5+ Ke7 30. Rxe4 Rxd4 31. Rxd4 Ne2+ 32. Kf1 Nxd4 33. Nxa6 Ra8 34. Nc5 Ra5 35. Rd1 Rxc5 36. Rxd4 Re5 37. b3 h5 38. h4 Rf5 39. Ke2 Re5+ 40. Kd2 Rc5 41. f3 e5 42. Re4 Kf6 43. Ke3 Ra5 44. g4 hxg4 45. Rxg4 Ra8 46. c5 Ra5 47. Rxb4 Rxc5 48. Rc4 Ra5 49. Rxc6+ Kf5 50. h5 1-0

[Event "Stockholm Seniors op"]
[Site "Stockholm"]
[Date "2013.05.10"]
[Round "5"]
[White "Melashvili, Nino"]
[Black "Bellon Lopez, Juan Manuel"]
[Result "1-0"]
[WhiteElo "2134"]
[BlackElo "2368"]
[PlyCount "77"]
[EventDate "2013.05.09"]
[EventType "swiss"]
[EventRounds "8"]
[EventCountry "SWE"]
[SourceTitle "CBM 154 Extra"]
[Source "ChessBase"]
[SourceDate "2013.06.25"]
[SourceVersion "2"]
[SourceVersionDate "2013.06.25"]
[SourceQuality "1"]

1. d4 Nf6 2. Nf3 c5 3. c4 cxd4 4. Nxd4 b6 5. Nc3 Bb7 6. Bf4 d6 7. Nc2 g6 8. e4 Bg7 9. f3 0-0 10. Qd2 a6 11. Bh6 Nbd7 12. Be2 Rc8 13. 0-0 Bxh6 14. Qxh6 Ne5 15. Ne3 Bc6 16. f4 Ned7 17. Rf3 Kh8 18. Rh3 Rg8 19. Rd1 Qf8 20. Qh4 Rg7 21. Ned5 b5 22. e5 dxe5 23. cxb5 axb5 24. fxe5 Nxd5 25. Nxd5 Bxd5 26. Rxd5 Rc1+ 27. Bf1 Nb6 28. Rxb5 Qd8 29. Qf2 Nc8 30. Rc3 Rxc3 31. bxc3 f6 32. Qc5 Rg8 33. Rb8 Kg7 34. h3 fxe5 35. Qxe5+ Kh6 36. Ba6 Qd7 37. Qc5 Qd1+ 38. Kh2 Qd2 39. Qd4 1-0

[Event "Wch Seniors (Women) 22nd"]
[Site "Kamena Vourla"]
[Date "2012.11.21"]
[Round "8"]
[White "Khmiadashvili, Tamari"]
[Black "Melashvili, Nino"]
[Result "1/2-1/2"]
[WhiteElo "2115"]
[BlackElo "2128"]
[PlyCount "29"]
[EventDate "2012.11.13"]
[EventType "swiss"]
[EventRounds "11"]
[EventCountry "GRE"]
[SourceTitle "CBM 151 Extra"]
[Source "ChessBase"]
[SourceDate "2012.12.18"]
[SourceVersion "1"]
[SourceVersionDate "2012.12.18"]
[SourceQuality "1"]

1. e4 d5 2. exd5 Qxd5 3. Nc3 Qa5 4. Bc4 Nf6 5. d3 Bg4 6. f3 Bh5 7. Be3 c6 8. Qd2 Nbd7 9. Ne4 Qxd2+ 10. Kxd2 e6 11. Nxf6+ Nxf6 12. Ne2 Bb4+ 13. c3 Bd6 14. Nf4 Bg6 15. a4 1/2-1/2

[Event "Wch Seniors (Women) 22nd"]
[Site "Kamena Vourla"]
[Date "2012.11.13"]
[Round "1"]
[White "Melashvili, Nino"]
[Black "Hoose, Hannelore"]
[Result "1-0"]
[WhiteElo "2128"]
[BlackElo "1750"]
[PlyCount "29"]
[EventDate "2012.11.13"]
[EventType "swiss"]
[EventRounds "11"]
[EventCountry "GRE"]
[SourceTitle "CBM 151 Extra"]
[Source "ChessBase"]
[SourceDate "2012.12.18"]
[SourceVersion "1"]
[SourceVersionDate "2012.12.18"]
[SourceQuality "1"]

1. Nf3 d5 2. d4 Nf6 3. Bf4 e6 4. e3 Bd6 5. Ne5 0-0 6. Bd3 Nbd7 7. 0-0 Ne8 8. Nd2 f6 9. Qh5 f5 10. Ndf3 Nef6 11. Qh3 Bxe5 12. dxe5 Ne4 13. Bxe4 dxe4 14. Ng5 h6 15. Nxe6 1-0

[Event "Golden Sands Europe op 1st"]
[Site "Golden Sands"]
[Date "2012.06.10"]
[Round "7"]
[White "Melashvili, Nino"]
[Black "Dyulgerov, Dimitar"]
[Result "1-0"]
[WhiteElo "2158"]
[BlackElo "2015"]
[PlyCount "75"]
[EventDate "2012.06.04"]
[EventType "swiss"]
[EventRounds "9"]
[EventCountry "BUL"]
[SourceTitle "CBM 148 Extra"]
[Source "ChessBase"]
[SourceDate "2012.06.22"]
[SourceVersion "1"]
[SourceVersionDate "2012.06.22"]
[SourceQuality "1"]

1. Nf3 c5 2. b3 Nc6 3. Bb2 Nf6 4. e3 d5 5. Be2 Bg4 6. h3 Bh5 7. g4 Bg6 8. Ne5 Nxe5 9. Bxe5 Nd7 10. Bg3 e6 11. Nc3 a6 12. 0-0 Be7 13. f4 f5 14. Bf3 0-0 15. Qe2 Bf6 16. gxf5 Bxf5 17. e4 Bxh3 18. exd5 Bxf1 19. Qxe6+ Kh8 20. Rxf1 Re8 21. Qf5 Bxc3 22. dxc3 Nf6 23. Kg2 g6 24. Qd3 Qd7 25. Rh1 Kg7 26. c4 Ng4 27. Qc3+ Kg8 28. d6 Ne3+ 29. Kf2 Qxd6 30. Re1 Qd4 31. Rxe3 Qxc3 32. Rxc3 Re7 33. Bh4 Rd7 34. Rd3 Rc7 35. Bd8 Rg7 36. Bf6 Rc7 37. Be5 Re7 38. Bd5+ 1-0

[Event "Golden Sands Europe op 1st"]
[Site "Golden Sands"]
[Date "2012.06.07"]
[Round "4"]
[White "Nezad, Husein Aziz"]
[Black "Melashvili, Nino"]
[Result "0-1"]
[WhiteElo "2393"]
[BlackElo "2158"]
[PlyCount "37"]
[EventDate "2012.06.04"]
[EventType "swiss"]
[EventRounds "9"]
[EventCountry "BUL"]
[SourceTitle "CBM 148 Extra"]
[Source "ChessBase"]
[SourceDate "2012.06.22"]
[SourceVersion "1"]
[SourceVersionDate "2012.06.22"]
[SourceQuality "1"]

1. d4 f5 2. Nf3 Nf6 3. g3 g6 4. Bg2 Bg7 5. 0-0 0-0 6. c4 d6 7. Nc3 Qe8 8. Re1 c6 9. e4 fxe4 10. Nxe4 Nxe4 11. Rxe4 Bf5 12. Re3 Nd7 13. Bd2 Bg4 14. Qe2 Bxd4 15. Rxe7 Ne5 16. Rxe8 Raxe8 17. Bc3 Nxf3+ 18. Bxf3 Bxf3 19. Qd2 0-1

[Event "Wch Seniors (Women) 21st"]
[Site "Rijeka"]
[Date "2011.11.25"]
[Round "10"]
[White "Melashvili, Nino"]
[Black "Titorenko, Natalia I"]
[Result "1/2-1/2"]
[WhiteElo "2106"]
[BlackElo "2143"]
[PlyCount "99"]
[EventDate "2011.11.15"]
[EventType "swiss"]
[EventRounds "11"]
[EventCountry "CRO"]
[SourceTitle "CBM 145 Extra"]
[Source "ChessBase"]
[SourceDate "2012.01.03"]
[SourceVersion "1"]
[SourceVersionDate "2012.01.03"]
[SourceQuality "1"]

1. d4 Nf6 2. Nf3 e6 3. e3 c5 4. Bd3 b6 5. Qe2 Bb7 6. 0-0 Nc6 7. c3 Be7 8. dxc5 bxc5 9. e4 d6 10. Rd1 Qc7 11. Na3 a6 12. Bf4 Nh5 13. Be3 0-0 14. Ng5 Nf6 15. f4 h6 16. Nh3 Na5 17. b4 Nc6 18. Rac1 d5 19. e5 Ne4 20. b5 axb5 21. Nxb5 Qa5 22. Bxe4 dxe4 23. Rd7 Bc8 24. Rc7 Ba6 25. c4 Bxb5 26. Rxe7 Nxe7 27. Bxc5 Bc6 28. Bxe7 Rfe8 29. Bd6 Qxa2 30. Qe3 Qb2 31. Qc3 Qxc3 32. Rxc3 Ra1+ 33. Kf2 Ra2+ 34. Ke3 Rxg2 35. Nf2 Rxh2 36. Nxe4 h5 37. Kd4 h4 38. Ng5 f6 39. exf6 gxf6 40. Kc5 Bd7 41. Ne4 Rc8+ 42. Kd4 Kf7 43. Ra3 Bc6 44. Ra7+ Kg6 45. f5+ exf5 46. Bxh2 fxe4 47. Re7 Rd8+ 48. Ke3 Rd3+ 49. Kf4 Rd6 50. Kg4 1/2-1/2

[Event "EU-ch (Women) 12th"]
[Site "Tbilisi"]
[Date "2011.05.12"]
[Round "6"]
[White "Rogule, Laura"]
[Black "Melashvili, Nino"]
[Result "1-0"]
[WhiteElo "2362"]
[BlackElo "2104"]
[PlyCount "80"]
[EventDate "2011.05.07"]
[EventType "swiss"]
[EventRounds "11"]
[EventCountry "GEO"]
[SourceTitle "CBM 142 Extra"]
[Source "ChessBase"]
[SourceDate "2011.06.27"]
[SourceVersion "1"]
[SourceVersionDate "2011.06.27"]
[SourceQuality "1"]

1. e4 c6 2. Nc3 d5 3. Nf3 dxe4 4. Nxe4 Nd7 5. d4 Ngf6 6. Ng3 Qc7 7. Bd3 e6 8. Qe2 Be7 9. 0-0 c5 10. Re1 0-0 11. c3 b6 12. Ng5 Bb7 13. Be3 h6 14. Nh3 Bd6 15. Qd2 Ng4 16. Bf4 Bxf4 17. Nxf4 Ngf6 18. Nfe2 Rad8 19. Rad1 cxd4 20. Nxd4 Nc5 21. Qc2 Nxd3 22. Rxd3 Qc4 23. b3 Qd5 24. f4 Qc5 25. Kh1 Nd5 26. Ne4 Qc7 27. Rg3 Qxf4 28. Rf3 Qh4 29. Rg3 Nf6 30. Nf2 Nh5 31. Rg4 Qf6 32. Nd3 Rfe8 33. Ne5 Nf4 34. Qf2 Nd5 35. Qg3 Kh7 36. Kg1 g5 37. Rf1 Nf4 38. Rfxf4 gxf4 39. Rxf4 Qg5 40. Rxf7+ Kg8 1-0